000 00456nam a2200157Ia 4500
008 151213s9999 xx 000 0 und d
100 _aCushner, K. & McClelland, A.
245 _aHuman diversity in education:
_ban integrative approach
_cCushner, K. & McClelland, A.
250 _a3rd
260 _aBoston
_bMcGraw hill
_c2000
300 _a1732 p.
650 _aEducation
650 _aReference
700 _aCushner, K. & McClelland, A.
999 _c1276
_d1276